[Event "Bosnjaci op 20th"]
[Site "Bosnjaci"]
[Date "2015.01.03"]
[Round "1"]
[White "Armanda, Ivica"]
[Black "Draskic, Skender"]
[Result "1-0"]
[WhiteElo "2350"]
[BlackElo "1831"]
[PlyCount "43"]
[EventDate "2015.01.03"]
[EventType "swiss"]
[EventRounds "9"]
[EventCountry "CRO"]
[SourceTitle "CBM 164 Extra"]
[Source "ChessBase"]
[SourceDate "2015.03.02"]
[SourceVersion "1"]
[SourceVersionDate "2015.03.02"]
[SourceQuality "1"]

1. e4 e5 2. Nf3 Nf6 3. Nxe5 Qe7 4. d4 d6 5. Nf3 Qxe4+ 6. Be2 Bf5 7. 0-0 Qxc2 8. Qe1 Be6 9. Ng5 Qf5 10. h3 h5 11. Qd1 Nbd7 12. Nc3 0-0-0 13. Bd3 Qa5 14. Bd2 Qb6 15. Rc1 Nd5 16. Qa4 N7f6 17. Nb5 a6 18. Nxc7 Nxc7 19. Nxe6 Rd7 20. Ba5 Qxb2 21. Nxc7 Kb8 22. Rc2 1-0

[Event "Vukovar Srijem CupT 6th"]
[Site "Tompojevci"]
[Date "2013.03.09"]
[Round "2.3"]
[White "Tomerlin, Sinisa"]
[Black "Draskic, Skender"]
[Result "1-0"]
[WhiteElo "2233"]
[BlackElo "1827"]
[PlyCount "111"]
[EventDate "2013.03.08"]
[EventType "team-swiss"]
[EventRounds "5"]
[EventCountry "CRO"]
[SourceTitle "EXT 2014"]
[Source "ChessBase"]
[SourceDate "2013.11.20"]
[SourceVersion "1"]
[SourceVersionDate "2013.11.20"]
[SourceQuality "1"]
[WhiteTeam "Sloga Pacetin"]
[BlackTeam "Ivankovo"]
[WhiteTeamCountry "CRO"]
[BlackTeamCountry "CRO"]

1. e4 c5 2. Nf3 d6 3. c3 a6 4. d4 cxd4 5. cxd4 Qa5+ 6. Nc3 Nf6 7. Bd2 Qd8 8. Qb3 e6 9. Rc1 Be7 10. Bd3 0-0 11. Bb1 Nc6 12. h4 e5 13. d5 Na7 14. a4 Nd7 15. Be3 b6 16. Nd2 Nc5 17. Qa3 a5 18. Nc4 Ba6 19. Na2 Bxc4 20. Rxc4 Bxh4 21. b4 axb4 22. Rxb4 Rb8 23. g3 Be7 24. Nc3 Qd7 25. Qb2 Qc7 26. Qe2 g6 27. f3 f6 28. Qh2 Rf7 29. Qb2 Rff8 30. Ke2 Rfc8 31. Rc1 Bd8 32. Ba2 f5 33. exf5 gxf5 34. Rb1 e4 35. fxe4 fxe4 36. Rc4 Bf6 37. Qc2 Qe7 38. a5 b5 39. Rxc5 Rxc5 40. Bxc5 Rc8 41. Bb4 Qe8 42. Qxe4 Qh5+ 43. Kd3 Re8 44. Qg2 Bxc3 45. Bxc3 Qg6+ 46. Kd2 Qg4 47. Re1 Qg5+ 48. Kc2 Rc8 49. Qe4 Qf6 50. Qe8+ Qf8 51. Qe6+ Qf7 52. Rf1 Qxe6 53. dxe6 Rxc3+ 54. Kxc3 b4+ 55. Kxb4 Nc6+ 56. Kb5 1-0

[Event "Bosnjaci op 14th"]
[Site "Bosnjaci"]
[Date "2009.01.07"]
[Round "7"]
[White "Draskic, Skender"]
[Black "Matanovic, Zlatko"]
[Result "0-1"]
[WhiteElo "1882"]
[BlackElo "2038"]
[PlyCount "61"]
[EventDate "2009.01.03"]
[EventType "swiss"]
[EventRounds "9"]
[EventCountry "CRO"]
[SourceTitle "CBM 128 Extra"]
[Source "ChessBase"]
[SourceDate "2009.03.05"]
[SourceVersion "2"]
[SourceVersionDate "2009.03.25"]
[SourceQuality "1"]

1. e4 c5 2. c4 d6 3. d3 Nc6 4. Nf3 g6 5. Bd2 Bg7 6. Bc3 e5 7. Be2 Nge7 8. Nh4 0-0 9. 0-0 f5 10. f4 fxe4 11. fxe5 exd3 12. Rxf8+ Qxf8 13. Qxd3 dxe5 14. Qd6 Nf5 15. Qd5+ Kh8 16. Nf3 Qe7 17. Nbd2 Nfd4 18. Bxd4 cxd4 19. Ne4 Bf5 20. Nfg5 Bf6 21. Nf7+ Kg7 22. Nfd6 Be6 23. Qc5 Rd8 24. Nb5 Bf5 25. Qxe7+ Bxe7 26. Bd3 Nb4 27. Bb1 d3 28. Nec3 e4 29. a3 Nc2 30. Bxc2 dxc2 31. Rc1 0-1

[Event "Zupanja op-B 2nd"]
[Site "Zupanja"]
[Date "2008.01.07"]
[Round "7"]
[White "Draskic, Skender"]
[Black "Jefic, Srdjan"]
[Result "0-1"]
[WhiteElo "1936"]
[BlackElo "2059"]
[PlyCount "42"]
[EventDate "2008.01.03"]
[EventType "swiss"]
[EventRounds "9"]
[EventCountry "CRO"]
[SourceTitle "CBM 122 Extra"]
[Source "ChessBase"]
[SourceDate "2008.03.04"]
[SourceVersion "1"]
[SourceVersionDate "2008.03.04"]
[SourceQuality "1"]

1. e4 c5 2. Nf3 Nc6 3. c3 d5 4. exd5 Qxd5 5. Be2 Bg4 6. d3 Nf6 7. Na3 e6 8. 0-0 Be7 9. h3 Bh5 10. Nh2 Bg6 11. Qb3 Qd7 12. Rd1 0-0 13. Be3 Nd5 14. d4 Nxe3 15. fxe3 cxd4 16. exd4 Rfd8 17. Bd3 Nxd4 18. cxd4 Qxd4+ 19. Kh1 Bxd3 20. Qxb7 Bxa3 21. Nf3 Qxb2 0-1